000 01377nam a2200289Ia 4500
003 PE SENCICO BE
005 20251020182439.0
008 200515s9999 xx 000 0 und d
020 _a978-958-8060-70-5
040 _aPE SENCICO BE
_cPE SENCICO BE
041 _aspa
082 _a526.982
_bG71 2007
100 1 _aGonzález Fletcher, Álvaro
_93266
_eautor
245 1 0 _aFundamentos de fotointerpretación /
_cÁlvaro González Fletcher
250 _a2a ed.
260 _aBogotá :
_bEscuela Colombiana de Ingeniería,
_c2007
300 _a129 páginas :
_bilustraciones, tablas, gráficos ;
_c23 cm.
490 _aColección notas
505 0 _aFundamentos de fotointerpretación -- Elementos de fotointerpretación -- Características fotográficas de algunas zonas geomorfológicas -- Características fotográficas generales de las principales rocas -- Características fotográficas específicas de las principales rocas -- Principios de percepción remota y teledetección
520 3 _aPresenta una serie de estereogramas que permiten aplicar de manera práctica los conceptos tratados.
650 1 0 _aFotogrametría
_9120
650 2 0 _aFotografía en geología
_93267
650 2 0 _aFotografía aérea en geología
_93268
650 2 0 _aTécnicas digitales en fotogrametría
_91080
650 2 0 _aInterpretación de fotografías
_93269
942 _cLIB
_2ddc
999 _c496
_d496